01093cam a2200181 a 4500008004100000020001500041040002200056050002000078130007000098245039700168260005100565300002300616500013600639650003500775700004200810710003400852710002500886740605s1974 ilu f 000 0 eng  a0838931561 aDLC c DLC d DLC00aZ694b.A48 19740 aAnglo-American cataloging rules (North American text).pChapter 610aAnglo-American cataloging rules / cPrepared by the American Library Association, the Library of Congress, the Library Association, and the Canadian Library Association. North American text. Chapter 6: Separately published monographs, incorporating chapter 9, "Photographic and other reproductions," and revised to accord with the International Standard Bibliographic Description (Monographs) aChicago,bAmerican Library Association,c1974. avi, 122 p.c23 cm. a"The redrafting...for this revision was undertaken by Paul W. Winkler, Principal Descriptive Cataloger of the Library of Congress." 0aDescriptive catalogingxRules.1 aWinkler, Paul W.q(Paul Walter),eed.2 aAmerican Library Association.2 aLibrary of Congress.